000 00474nam a2200169Ia 4500
999 _c32185
_d32185
003 OSt
005 20200804102314.0
008 190216s9999||||xx |||||||||||||| ||und||
040 _coclc
082 _a511.5
_bKUM/G
100 _aKumaravelu, S
_93929
245 0 _aGraph Theory /
_c S Kumaravelu ; Susheela Kumaravelu
260 _bViva Book,
_aNew Delhi:
300 _a400p
650 _aMathematics
942 _cBK
_2ddc
_h511.5
_iKUM/G
_k511.5
_mKUM/G